| 000 | 00587nam a2200229Ia 4500 | ||
|---|---|---|---|
| 005 | 20250508164459.0 | ||
| 008 | 008 250505s9999 xx 000 0 eng d | ||
| 020 | _a0-13-194523-8 | ||
| 037 | _aTextual | ||
| 040 |
_aFEDL _beng _cFEDL |
||
| 041 |
_aeng _2eng |
||
| 084 |
_a306, EMB _qFEDL |
||
| 100 | _aEmber Carol R | ||
| 245 | 0 | _aCultural anthropology | |
| 250 | _a7 | ||
| 260 |
_aEnglewood Cliffs _b Prentice-Hall _c1993 |
||
| 300 | _a390p. | ||
| 650 | _aCulture | ||
| 700 |
_a Ember Melvin _9778262 |
||
| 942 |
_cTEXL _h306, EMB |
||
| 999 |
_c1389342 _d1389342 |
||